1612 1117 1062 1552 1734 1650 1644 1895 1181 1518 1171 1050 1686 1933 1275 1127 1224 1319 1642 1437 1571 1406 1867 1173 1366 1299 1712 1589 1683 1712 1169 1845 1083 1680 1035 1100 1203 1822 1809 1117 1686 1713 1766 1795 1823 1407 1345 1386 1416 1154 1182 1058 1762 1455 1876 1746 1989 1959 1759 1202 1260 1575 1861 1035 1026 1728 1444 1594 1667 1776 1621 1103 1980 1363 1816 1321 1175 1683 1856 1313 1908 1090 1828 1556 1733 1037 1855 1964 1203 1573 1893 1095 1789 1105 1497 1526 1460 1755 1300 BCNSPRNW ULIB Ver.6.0+V

เปลี่ยนเป็นภาษาไทย

Change to English
 แสดงรายละเอียดบรรณานุกรม
  กลับหน้าหลัก

Brief Record : Get Marc (ISO 2709) : E-mail record : QR code < ปิดหน้าต่าง
LEADER : 00000nam 2200000uu 4500
001    13399128375
003     ULIB
008    230707s2564||||th 000 0 tha d
020    ^a9786168201138
060 04 ^aWG180^bว719ก
100 0  ^aวิลาวัณย์ ถิรภัทรพงศ์
245 10 ^aการฟื้นฟูสมรรถภาพหัวใจและปอด = ^bCardiopulmonaryrehabilitation /^cวิลาวัณย์ ถิรภัทรพงศ์
246 31 ^aCardiopulmonary rehabilitation
250    ^aพิมพ์ครั้งที่ 1
260    ^aกรุงเทพฯ :^bสำนักพิมพ์ศิริราช,^c2564
300    ^a290 หน้า :^bภาพประกอบ ;^c30 ซม.
650  4 ^aการฟื้นฟูสมรรถภาพ
650  4 ^aระบบหัวใจและหลอดเลือด^xโรค^xการฟื้นฟูสมรรถภาพ
650  4 ^aหัวใจ, โรค^xการฟื้นฟูสมรรถภาพ
650  4 ^aปอด, โรค^xผู้ป่วย^xการฟื้นฟูสมรรถภาพ
710 2  ^aมหาวิทยาลัยมหิดล.^bคณะแพทยศาสตร์ศิริราชพยาบาล
945    ^p400^l0^i009859
945    ^p400^l0^i009860
945    ^p400^l0^i009861
999    ^aประนอม เกษจรัล
รายการนี้ยังไม่มีแท็ก
คุณยังไม่ได้ล็อกอิน คุณสามารถมีกิจกรรมร่วมกับเว็บไซต์ได้ แต่ต้องล็อกอินก่อน ::
  ล็อกอิน

รายการสื่อสารสนเทศ

ลำดับที่ ประเภท เลขเรียก/บาร์โค้ด สถานที่ สถานะ
1. วิทยาศาสตร์การแพทย์ และสุขภาพ
หนังสือสำรอง
สถานะ=หนังสือสำรอง
WG180 ว719ก ฉ.1 
  Barcode: 009859
ห้องสมุดวิทยาเขตสวรรค์ประชารักษ์
►หนังสือทั่วไป
บนชั้น
2. วิทยาศาสตร์การแพทย์ และสุขภาพ
วิทยาศาสตร์การแพทย์ และสุขภาพ
WG180 ว719ก ฉ.2 
  Barcode: 009860
ห้องสมุดวิทยาเขตสวรรค์ประชารักษ์
►หนังสือทั่วไป
บนชั้น
3. วิทยาศาสตร์การแพทย์ และสุขภาพ
วิทยาศาสตร์การแพทย์ และสุขภาพ
WG180 ว719ก ฉ.3 
  Barcode: 009861
ห้องสมุดวิทยาเขตสวรรค์ประชารักษ์
►หนังสือทั่วไป
บนชั้น

รายการใกล้เคียง
    ผู้แต่ง [วิลาวัณย์ ถิรภัทรพงศ์]

    หัวเรื่อง [การฟื้นฟูสมรรถภาพ]

BibComment


ยังไม่เคยถูกคอมเมนท์

คอมเมนท์ทรัพยากรรายการนี้
  คอมเมนท์: การฟื้นฟูสมรรถภา..


 Copyright 2026. Bcnsprnw @Library